Wirtschaftsethische Perspektiven. IV, Methodische Grundsatzfragen, Unternehmensethik, Kooperations- und Verteilungsprobleme /

Der vorliegende Band enthält die überarbeiteten Beiträge zweier Sitzungen des Ausschusses ""Wirtschaftswissenschaften und Ethik"" im Verein für Socialpolitik. Dieser Ausschuß setzt sich aus Wirtschaftswissenschaftlern sowie Philosophen und Theologen zusammen. Karl Homann sowie Jo...

Full description

Bibliographic Details
Main Authors: Bohnet, Iris (Author), Buchholz, Wolfgang, 1952- (Author), Gaertner, Wulf (Author, Editor)
Corporate Author: JSTOR (Organization)
Format: eBook
Language:German
Published: Berlin : Duncker & Humblot, 1998.
Series:Schriften des Vereins für Socialpolitik, Gesellschaft für Wirtschafts- und Sozialwissenschaften ; n.F., Bd. 228/IV.
Subjects:
Online Access:Connect to the full text of this electronic book

MARC

Tag First Indicator Second Indicator Subfields
LEADER 00000cam a2200000Ii 4500
001 in00004635346
006 m o d
007 cr cnu---unuuu
008 150718s1998 gw ob 000 0 ger d
005 20230103223437.8
035 |a (OCoLC)ocn913695560 
040 |a EBLCP  |b eng  |e pn  |c EBLCP  |d N$T  |d DEBSZ  |d YDXCP  |d OCLCQ  |d OCLCF  |d OCLCQ  |d JSTOR  |d OCLCO  |d SFB 
019 |a 922044761 
020 |a 9783428494163  |q (electronic bk.) 
020 |a 3428494164  |q (electronic bk.) 
035 |a (OCoLC)913695560  |z (OCoLC)922044761 
037 |a 22573/ctv1q5617d  |b JSTOR 
050 4 |a HB72 
072 7 |a BUS  |x 069000  |2 bisacsh 
072 7 |a BUS  |x 055000  |2 bisacsh 
072 7 |a SOC  |x 000000  |2 bisacsh 
072 7 |a REL  |x 000000  |2 bisacsh 
082 0 4 |a 330  |2 23 
049 |a TXAM 
245 0 0 |a Wirtschaftsethische Perspektiven.  |n IV,  |p Methodische Grundsatzfragen, Unternehmensethik, Kooperations- und Verteilungsprobleme /  |c von Iris Bohnet, Wolfgang Buchholz, Wulf Gaertner [and others] ; Herausgegeben von Wulf Gaertner. 
246 3 0 |a Methodische Grundsatzfragen, Unternehmensethik, Kooperations- und Verteilungsprobleme 
260 |a Berlin :  |b Duncker & Humblot,  |c 1998. 
300 |a 1 online resource. 
336 |a text  |b txt  |2 rdacontent 
337 |a computer  |b c  |2 rdamedia 
338 |a online resource  |b cr  |2 rdacarrier 
490 1 |a Schriften des Vereins für Socialpolitik, Gesellschaft für Wirtschafts- und Sozialwissenschaften ;  |v neue Folge Band 228/IV 
504 |a Includes bibliographical references. 
588 0 |a Print version record. 
505 0 |a Vorwort; Inhaltsverzeichnis; Karl Homann: Normativität angesichts systemischer Sozial- und Denkstrukturen; I. Einleitung; II. Ethik und Gesellschaftstheorie; 1. Handlungstheorie versus Gesellschaftstheorie; 2. Funktionale Differenzierung und Dilemmastrukturen; 3. Folgerungen für eine moderne (Wirtschafts-)Ethik; a) Die kontingente Verbindlichkeit moderner Moral; b) Moral als Anreizmoral; c) Moral als Vorteilsstreben; 4. Zusammenfassung; III. Normativität und systemische Sozial- und Denkstrukturen 
505 8 |a 1. Normativität in systemischen Sozialstrukturen: Das Paradigma von Wirtschafts- und Unternehmensethik2. Normativität in systemischen Denkstrukturen: Das Paradigma der Ökonomik; a) Die abgeleitete Verwendung: Normativität als Abbreviatur von Ökonomik; b) Die genuine Verwendung: Normativität als Heuristik positiver Ökonomik; 3. Zusammenfassung; IV. Wirtschaftsethik und Gesellschaft; Literatur; Johannes Hackmann: Gewinnmaximierung und Unternehmerethik. Zu einem wohlfahrtsökonomisch ausgerichteten wirtschaftsethischen Alternativsansatz; I. Zum Vorhaben und zur Vorgehensweise 
505 8 |a Grenzen der Konsumentensouveränität4. Sachzwänge und das Problem moralischer Ohnmacht; a) Die individuelle moralische Handlungsfreiheit; b) Das Problem der am Erfolg gemessenen individuellen Ohnmacht; c) Implementierbarkeit und personalisierte Schuldzuweisungen; 5. Ethische Diskurse und unternehmerische Rechenschaftspflicht; IV. Weitere Implikationen und Einordnungen aus einer Beobachterperspektive; 1. Dezentrale versus zentrale Steuerung bei gegebenen Moralvorstellungen; 2. Moralerosion -- ein Problem der richtigen Moral?; V. Zusammenfassende Schlußfolgerungen; Literatur 
505 8 |a Bruno Staffelbach: Zum Nutzen empirischer Forschung in der UnternehmensethikI. Einführung; II. US-amerikanische Business Ethics; III. Schwerpunkte empirischer Unternehmensethik; 1. Entscheidungsbedingungen; 2. Entscheidungsverhalten; 3. Entscheidungsinhalte; IV. Fazit; Literatur; Wulf Gaertner: Rationalität und Normen; I. Einfache Zusammenhänge; II. Kompliziertere Zusammenhänge; III. Unzulässige Vereinfachung?; IV. Normen; V. Die Wahl des zweitgrößten Kuchenstücks kann Ergebnis eines rationalen und optimierenden Verhaltens sein; VI. Die Wahl des Medians; VII. Abschließende Bemerkungen 
520 |a Der vorliegende Band enthält die überarbeiteten Beiträge zweier Sitzungen des Ausschusses ""Wirtschaftswissenschaften und Ethik"" im Verein für Socialpolitik. Dieser Ausschuß setzt sich aus Wirtschaftswissenschaftlern sowie Philosophen und Theologen zusammen. Karl Homann sowie Johannes Hackmann beginnen den Band mit methodischen Grundsatzüberlegungen zum Verhältnis von Moral und Ökonomie, von Ethik und Ökonomik. Bruno Staffelbach erläutert drei Bereiche und zwei Funktionen der empirischen Forschung in der Unternehmensethik. Wulf Gaertner untersucht das Verhältnis von Rationalitätspostulaten un. 
650 0 |a Economics  |x Moral and ethical aspects. 
650 6 |a Économie politique  |x Aspect moral. 
650 7 |a BUSINESS & ECONOMICS  |x Economics  |x General.  |2 bisacsh 
650 7 |a BUSINESS & ECONOMICS  |x Reference.  |2 bisacsh 
650 7 |a SOCIAL SCIENCE / General  |2 bisacsh 
650 7 |a Economics  |x Moral and ethical aspects.  |2 fast  |0 (OCoLC)fst00902162 
655 7 |a Electronic books.  |2 local 
700 1 |a Bohnet, Iris,  |e author. 
700 1 |a Buchholz, Wolfgang,  |d 1952-  |e author. 
700 1 |a Gaertner, Wulf,  |e author,  |e editor. 
710 2 |a JSTOR (Organization) 
776 0 8 |i Print version:  |a Gaertner, Wulf.  |t Wirtschaftsethische Perspektiven IV. : Methodische Grundsatzfragen, Unternehmensethik, Kooperations- und Verteilungsprobleme.:  |d Berlin : Duncker & Humblot, ©2015  |z 9783428094165 
830 0 |a Schriften des Vereins für Socialpolitik, Gesellschaft für Wirtschafts- und Sozialwissenschaften ;  |v n.F., Bd. 228/IV. 
856 4 0 |u https://www.jstor.org/stable/10.2307/j.ctv1q6bjcx  |z Connect to the full text of this electronic book  |t 0 
955 |a JSTOR Open Access ebooks 
994 |a 92  |b TXA 
999 f f |s 06ce5ee6-2af0-4069-8f61-b28b986e213b  |i 7769ce02-3914-475e-87a4-83bb55c70a21  |t 0 
952 f f |a Texas A&M University  |b College Station  |c Electronic Resources  |d Available Online  |t 0  |e HB72   |h Library of Congress classification 
998 f f |a HB72   |t 0  |l Available Online